000
00265nam a2200097 a 4500
005
20200930063126.0
008
110630s2004 000 spa d
245
0
_a
Adelante jóvenes : enseñanzas de la biblia sobre la familia.
260
_c
[s.f.].
999
_c
31205
_d
31205
040
_a
DO-SdBNP